Najdrożsi piłkarze na świecie - Statystyki

Ogólne statystyki
  • Ten quiz został rozwiązany 199 razy
  • Średni wynik to 8 z 20
Statystyki odpowiedzi
Wartość rynkowa Piłkarze % Poprawnych
180,00 mln € Kylian Mbappe
96%
180,00 mln € Jude Bellingham
76%
180,00 mln € Erling Haaland
72%
180,00 mln € Vinicius Junior
66%
150,00 mln € Phil Foden
59%
140,00 mln € Bukayo Saka
56%
100,00 mln € Harry Kane
48%
120,00 mln € Jamal Musiala
48%
90,00 mln € Lamine Yamal
48%
110,00 mln € Rodrygo
48%
120,00 mln € Rodri
40%
100,00 mln € Eduardo Camavinga
38%
130,00 mln € Florian Wirtz
38%
90,00 mln € Gavi
35%
100,00 mln € Aurelien Tchouameni
23%
110,00 mln € Lautaro Martinez
13%
100,00 mln € Victor Osimhen
9%
120,00 mln € Declan Rice
7%
110,00 mln € Martin Odegaard
6%
120,00 mln € Federico Valverde
4%
Nie znaleziono quizów pasujących do podanych kryteriów
Rozkład punktacji
Procent ludzi z każdym wynikiem
Percentyl według liczby udzielonych odpowiedzi
Twoja historia wyników
Nie rozwiązałeś tego quizu